Chemtech: Reengineering your learning strategy (Record no. 16831)
| 000 -LEADER | |
|---|---|
| fixed length control field | 00296nam a22001097a 4500 |
| 003 - CONTROL NUMBER IDENTIFIER | |
| control field | OSt |
| 005 - DATE AND TIME OF LATEST TRANSACTION | |
| control field | 20200220101603.0 |
| 008 - FIXED-LENGTH DATA ELEMENTS--GENERAL INFORMATION | |
| fixed length control field | 200220b xxu||||| |||| 00| 0 eng d |
| 040 ## - CATALOGING SOURCE | |
| Transcribing agency | Cagayan State University- Craig Campus |
| 245 ## - TITLE STATEMENT | |
| Title | Chemtech: Reengineering your learning strategy |
| 942 ## - ADDED ENTRY ELEMENTS (KOHA) | |
| Source of classification or shelving scheme | |
| Koha item type | Serials |
| Price effective from | Permanent Location | Date last seen | Not for loan | Date acquired | Source of classification or shelving scheme | Koha item type | Lost status | Withdrawn status | Copy number | Source of acquisition | Collection code | Damaged status | Barcode | Shelving location | Current Location | Public note | Full call number |
|---|---|---|---|---|---|---|---|---|---|---|---|---|---|---|---|---|---|
| 2020-02-20 | Cagayan State University - Carig Library | 2020-02-20 | 2020-02-20 | Serials | c.1 | School | Serials | CT0000251996C1 | Serials | Cagayan State University - Carig Library | For room use only | CT 000025 1996 c.1 |